LEADER 01340nam--2200397---450- 001 990003188310203316 005 20090330134218.0 010 $a978-88-217-2922-5 035 $a000318831 035 $aUSA01000318831 035 $a(ALEPH)000318831USA01 035 $a000318831 100 $a20090115d2008----km-y0itay50------ba 101 $aita 102 $aIT 105 $a||||||||001yy 200 1 $a<> nuove regole per la salute e la sicurezza dei lavoratori$ecommentario al D.Lgs. 9 aprile 2008, n. 81$fa cura di Lorenzo Zoppoli, Paolo Pascucci, Gaetano Natullo$gprefazione di Franco Carinci 210 $a[Milanofiori, Assago]$cIpsoa$d2008 215 $aLIV, 791 p.$d24 cm 225 2 $aLeggi e lavoro$v13 410 0$1001$12001$aLeggi e lavoro$v13 606 0 $aLavoratori$xSicurezza$xLegislazione$2BNCF 676 $a344.0465 702 1$aZOPPOLI,$bLorenzo 702 1$aPASCUCCI,$bPaolo 702 1$aNATULLO,$bFranco 801 0$aIT$bsalbc$gISBD 912 $a990003188310203316 951 $aXXV.2.K 2$b61963 G.$cXXV.2.K$d00210837 959 $aBK 969 $aGIU 979 $aCHIARA$b90$c20090115$lUSA01$h1343 979 $aCHIARA$b90$c20090330$lUSA01$h1337 979 $aCHIARA$b90$c20090330$lUSA01$h1342 996 $aNuove regole per la salute e la sicurezza dei lavoratori$969892 997 $aUNISA LEADER 01676nam 2200373 n 450 001 996390514103316 005 20200824121041.0 035 $a(CKB)4940000000103263 035 $a(EEBO)2240926161 035 $a(UnM)99846067e 035 $a(UnM)99846067 035 $a(EXLCZ)994940000000103263 100 $a19911016d1605 uy | 101 0 $aeng 135 $aurbn||||a|bb| 200 14$aThe safegarde of saylers, or great rutter$b[electronic resource] $eContayning the courses, distances, soundings, flouds and ebbes, with the marks for the entring of sundry harboroughs both of England, Fraunce, Spaine, Ireland, Flaunders, and the soundes of Denmarke, with other necessarie rules of common nauigation. Translated out of Dutch into English by Robert Norman hydrographer. And newly corrected and augmented by E.W 210 $aImprinted at London $cBy E. Allde for H. Astley, and are to bee solde at his shop, at the corner of S. Magnus Church$d1605 215 $a[16], 158 p 300 $aA translation, by Robert Norman, edited by Edward Wright, of: Antoniszoon, Cornelis. Het leeskaartboek van Wisbuy. 300 $aReproduction of the original in the British Library. 330 $aeebo-0018 606 $aNavigation$vEarly works to 1800 615 0$aNavigation 700 $aAntoniszoon$b Cornelis$fb. ca. 1499.$01002099 701 $aNorman$b Robert$ffl. 1590.$01002100 701 $aWright$b Edward$f1558?-1615.$01004815 801 0$bCu-RivES 801 1$bCu-RivES 801 2$bCStRLIN 801 2$bWaOLN 906 $aBOOK 912 $a996390514103316 996 $aThe safegarde of saylers, or great rutter$92373814 997 $aUNISA LEADER 00638nam 2200157z- 450 001 9910712383803321 035 $a(CKB)5470000002492291 035 $a(EXLCZ)995470000002492291 100 $a20230509c2015uuuu -u- - 101 0 $aeng 200 10$aPreliminary estimates of annual agricultural pesticide use for counties of the conterminous United States, 2013 210 $cU.S. Department of the Interior, U.S. Geological Survey$aReston, Virginia 906 $aBOOK 912 $a9910712383803321 996 $aPreliminary estimates of annual agricultural pesticide use for counties of the conterminous United States, 2013$93318341 997 $aUNINA